| 000 -LEADER |
| fixed length control field |
00784nam a2200241Ia 4500 |
| 001 - CONTROL NUMBER |
| control field |
3011 |
| 003 - CONTROL NUMBER IDENTIFIER |
| control field |
GE_BSU |
| 008 - FIXED-LENGTH DATA ELEMENTS--GENERAL INFORMATION |
| fixed length control field |
181216s||||||||xx |||||||||||||| ||und|| |
| 020 ## - INTERNATIONAL STANDARD BOOK NUMBER |
| International Standard Book Number |
5871710381 |
| 040 ## - CATALOGING SOURCE |
| Transcribing agency |
GE_BSU |
| 080 ## - UNIVERSAL DECIMAL CLASSIFICATION NUMBER |
| Universal Decimal Classification number |
336.2(1-87) |
| 245 ## - TITLE STATEMENT |
| Title |
Налоговые системы зарубежных стран |
| 245 ## - TITLE STATEMENT |
| Remainder of title |
Учебник для вузов=Foreign Tax Systems |
| 245 ## - TITLE STATEMENT |
| Statement of responsibility, etc. |
под. ред. проф. В.Г. Князева, проф. Д. Г. Черника-пероб и доп Н.Д. Эриашвили |
| 250 ## - EDITION STATEMENT |
| Edition statement |
2 изд. |
| 260 ## - PUBLICATION, DISTRIBUTION, ETC. |
| Place of publication, distribution, etc. |
Москва |
| 260 ## - PUBLICATION, DISTRIBUTION, ETC. |
| Name of publisher, distributor, etc. |
ЮНИТИ |
| 260 ## - PUBLICATION, DISTRIBUTION, ETC. |
| Date of publication, distribution, etc. |
1997 |
| 300 ## - PHYSICAL DESCRIPTION |
| Extent |
191 с. 20 см. |
| 653 ## - INDEX TERM--UNCONTROLLED |
| Uncontrolled term |
Налоговые системы зарубежных стран |
| 942 ## - ADDED ENTRY ELEMENTS (KOHA) |
| Koha item type |
წიგნი |